वैदिक गणित भाग १ (Record no. 999359)
[ view plain ]
| 000 -LEADER | |
|---|---|
| fixed length control field | 00397nam a2200133Ia 4500 |
| 008 - FIXED-LENGTH DATA ELEMENTS--GENERAL INFORMATION | |
| fixed length control field | 151001s9999||||xx |||||||||||||| ||und|| |
| 100 ## - MAIN ENTRY--PERSONAL NAME | |
| Personal name | कृष्णतीर्थ |
| 245 ## - TITLE STATEMENT | |
| Title | वैदिक गणित भाग १ |
| 250 ## - EDITION STATEMENT | |
| Edition statement | 1 |
| 260 ## - PUBLICATION, DISTRIBUTION, ETC. (IMPRINT) | |
| Name of publisher, distributor, etc | "दिलीप दत्तात्रय कुलकर्णी ,पुणे" |
| 260 ## - PUBLICATION, DISTRIBUTION, ETC. (IMPRINT) | |
| Date of publication, distribution, etc | 1982 |
| 300 ## - PHYSICAL DESCRIPTION | |
| Extent | 68 |
| 365 ## - TRADE PRICE | |
| Price amount | 21 |
No items available.